书目信息 |
| 题名: |
缪斯为谁而歌
|
|
| 作者: | 王钦韶 主编 | |
| 分册: | ||
| 出版信息: | 北京 科学普及出版社 2003.07 |
|
| 页数: | 341页 | |
| 开本: | 20cm | |
| 丛书名: | ||
| 单 册: | ||
| 中图分类: | B824 | |
| 科图分类: | ||
| 主题词: | 社会--道德 | |
| 电子资源: | ||
| ISBN: | 7-110-05248-6 | |
| 000 | 00533nam0 2200193 450 | |
| 001 | 0837075410 | |
| 005 | 20080118102915.32 | |
| 010 | @a7-110-05248-6@dCNY24.80 | |
| 100 | @a20080118d2003 km y0chiy0120 ea | |
| 101 | 0 | @achi |
| 102 | @aCN@b110000 | |
| 200 | 1 | @a缪斯为谁而歌@Amiao si wei shui er ge@f主编王钦韶@Fzhu bian wang qin shao |
| 210 | @a北京@c科学普及出版社@d2003.07 | |
| 215 | @a341页@d20cm | |
| 606 | 0 | @a社会@x道德 |
| 690 | @aB824@v4 | |
| 701 | 0 | @a王钦韶@Awang qin shao@4主编 |
| 801 | 0 | @aCN@c20080118 |
| 905 | @dB824@eW310 | |
| 缪斯为谁而歌/主编王钦韶.-北京:科学普及出版社,2003.07 |
| 341页;20cm |
| ISBN 7-110-05248-6:CNY24.80 |
| ● |
| 相关链接 |
|
|
|
正题名:缪斯为谁而歌
索取号:B824/W310
 
预约/预借
| 序号 | 登录号 | 条形码 | 馆藏地/架位号 | 状态 | 备注 |
| 1 | 478024 | 204780246 | 社科库509/509社科库 29排1列4层/ [索取号:B824/W310] | 在馆 | |
| 2 | 478025 | 204780255 | 社科库509/509社科库 29排1列4层/ [索取号:B824/W310] | 在馆 | |
| 3 | 478026 | 204780264 | 社科库509/509社科库 29排1列4层/ [索取号:B824/W310] | 在馆 | |
| 4 | 478027 | 204780273 | 社科库509/509社科库 29排1列4层/ [索取号:B824/W310] | 在馆 | |
| 5 | 478314 | 204783145 | 社科库509/509社科库 29排1列4层/ [索取号:B824/W310] | 在馆 |